| 000 | 01129nam a22002897a 4500 | ||
|---|---|---|---|
| 001 | 4853 | ||
| 003 | FISKH | ||
| 005 | 20241018111327.0 | ||
| 008 | 241018b cb ||||| |||| 00| 0 eng d | ||
| 020 | _a9780194791250 | ||
| 040 |
_aFISKH _beng _cFISKH _dFISKH |
||
| 050 | _aPE1126.A4 | ||
| 082 | _a428.6 | ||
| 100 | _aMowat, Diane | ||
| 245 |
_aA Pair of Ghostly Hands and Other Stories / _cby Diane Mowat |
||
| 260 |
_aNew York : _bOxford University Press ; _c2008 . |
||
| 300 |
_a72 pages : _billustrations ; _c21 cm . |
||
| 490 |
_aOxford Bookworms _vStage 3 |
||
| 505 | _aP | ||
| 520 | _aIf you wake up in the night and hear a tap running somewhere in the house, what do you do? You get up and go and turn the tap off. A little later you hear the tap running again. You are alone in the house, and you know you turned the tap off. What do you do then? The ghosts in these stories all have unfinished business with the living world.. | ||
| 521 | 8 |
_a680
_bLexile |
|
| 521 | 8 |
_aP
_bRaz-Plus |
|
| 650 |
_adrama _vHorror |
||
| 700 |
_aStower, Adam _eillustrator |
||
| 942 |
_2ddc _cBK _n0 |
||
| 999 |
_c4853 _d4853 |
||